Riconosci il Calciatore - Quiz n°19 - Statistics

Statistiche generali
  • Questo quiz è stato fatto 43 volte
  • Il punteggio medio è 15 su 19
Statistiche sulle risposte
Indizio Risposta % Corretto
Nazionalità Serbia
100%
Ruolo Difensore
95%
Squadra di club 6 Inter 2020-2022
95%
Data di nascita 10/11/1985
88%
Trofei per club Coppa Italia: 2 Lazio: 2008-2009 Inter: 2021-2022 Supercoppa italiana: 2 Lazio: 2009 Inter: 2021 Coppa d'Inghilterra: 1 Manchester City: 2010-2011 Campionato inglese: 2 Manchester City: 2011-2012, 2013-2014 Community Shield: 1 Manchester City: 2012 Coppa di Lega inglese: 2 Manchester City: 2013-2014, 2015-2016 Campionato italiano: 1 Inter: 2020-2021
85%
Squadra di club 5 Roma 2017-2020
85%
Squadra di club 2 CFK Belgrado 2006-2007
80%
Squadra di club 1 Čukarički Stankom 2004-2006
80%
Altezza 187 cm
78%
Gol nei club 58
78%
Squadra di club 3 Lazio 2007-2010
78%
Squadra di club 4 Manchester City 2010-2017
78%
Trofei per nazionali 0
75%
Gol in nazionale 11
75%
Presenze nei club 580
75%
Peso 83 kg
75%
Presenze in nazionale 94
75%
Calciatore Aleksandar Kolarov
75%
Trofei individuali Dream Team UEFA: 1
Paesi Bassi 2007[51]
Calciatore serbo dell'anno: 1
2011
Gran Galà del calcio AIC: 1
Squadra dell'anno: 2019
75%
Nessun quiz corrispondente trovato
Distribuzione punteggi
Percentuale di utenti per punteggio
Percentile per numero di risposta
I tuoi punteggi nel tempo
Non hai fatto questo quiz